Textile Fibers Developments and Innovations (Record no. 3418)

MARC details
000 -LEADER
fixed length control field 00333nam a2200133Ia 4500
008 - FIXED-LENGTH DATA ELEMENTS--GENERAL INFORMATION
fixed length control field 191201s2000 xx 000 0 und d
082 ## - DEWEY DECIMAL CLASSIFICATION NUMBER
Classification number 677.02832
Item number KOT
100 ## - MAIN ENTRY--PERSONAL NAME
Personal name KOTHARI, V K
245 #0 - TITLE STATEMENT
Title Textile Fibers Developments and Innovations
260 ## - PUBLICATION, DISTRIBUTION, ETC. (IMPRINT)
Place of publication, distribution, etc N.Delhi
Name of publisher, distributor, etc IAFL
Date of publication, distribution, etc 2000
300 ## - PHYSICAL DESCRIPTION
Extent 795
650 ## - SUBJECT ADDED ENTRY--TOPICAL TERM
Topical term or geographic name as entry element B.Tech(TE)
942 ## - ADDED ENTRY ELEMENTS (KOHA)
Source of classification or shelving scheme Dewey Decimal Classification
Koha item type Text Books
Holdings
Withdrawn status Lost status Source of classification or shelving scheme Damaged status Not for loan Collection code Home library Current library Date acquired Source of acquisition Cost, normal purchase price Bill Number Total Checkouts Full call number Acc. no. / Barcode Date last seen Bill Date Koha item type Date last borrowed
    Dewey Decimal Classification     B.Tech(TE) PIET C-LIBRARY PIET C-LIBRARY 31/03/2008 Technical Book 2150.00 TBS/4006   677.02832 KOT 8776 04/12/2019 11/03/2008 Text Books  
    Dewey Decimal Classification     B.Tech(TE) PIET C-LIBRARY PIET C-LIBRARY 31/03/2008 Technical Book 2150.00 TBS/4006   677.02832 KOT 8777 04/12/2019 11/03/2008 Text Books  
    Dewey Decimal Classification     B.Tech(TE) PIET C-LIBRARY PIET C-LIBRARY 31/03/2008 Technical Book 2150.00 TBS/4006 1 677.02832 KOT 8778 24/03/2023 11/03/2008 Text Books 13/03/2023
    Dewey Decimal Classification     B.Tech(TE) PIET C-LIBRARY PIET C-LIBRARY 31/03/2008 Technical Book 2150.00 TBS/4006   677.02832 KOT 8779 04/12/2019 11/03/2008 Text Books  
    Dewey Decimal Classification     B.Tech(TE) PIET C-LIBRARY PIET C-LIBRARY 31/03/2008 Technical Book 2150.00 TBS/4006   677.02832 KOT 8780 04/12/2019 11/03/2008 Text Books  

Design & Developed by: PIET Central Library
R70 Miles Stone Pattikalyana Samalkha Panipat 132102
mail ID :- [email protected], Phone No:- 0180-2569700 Ex.216